MARC details
| 000 -CABECERA |
| campo de control de longitud fija |
03436nam a2200433Ia 4500 |
| 001 - NÚMERO DE CONTROL |
| campo de control |
dia_5546 |
| 003 - IDENTIFICADOR DEL NÚMERO DE CONTROL |
| campo de control |
CHAP |
| 005 - FECHA Y HORA DE LA ÚLTIMA TRANSACCIÓN |
| campo de control |
20240830121758.0 |
| 007 - CAMPO FIJO DE DESCRIPCIÓN FÍSICA--INFORMACIÓN GENERAL |
| campo de control de longitud fija |
ta |
| 008 - DATOS DE LONGITUD FIJA--INFORMACIÓN GENERAL |
| campo de control de longitud fija |
220117s2014 mx abd frm 001 0 spa d |
| 010 ## - NÚMERO DE CONTROL DE LA BIBLIOTECA DEL CONGRESO |
| Número de control de LC |
176487 |
| 040 ## - FUENTE DE LA CATALOGACIÓN |
| Centro/agencia transcriptor |
CHAP |
| Centro catalogador/agencia de origen |
mxchpua |
| Normas de descripción |
rda |
| 041 0# - CÓDIGO DE LENGUA |
| Código de lengua del texto/banda sonora o título independiente |
spa |
| Código de lengua del sumario o resumen |
eng |
| 090 ## - LOCALMENTE ASIGNADO TIPO-LC NÚMERO DE CLASIFICACIÓN (OCLC); NÚMERO DE CLASIFICACIÓN LOCAL (RLIN) |
| Número de clasificación (OCLC) (R) ; Numero de clasificación, CALL (RLIN) (NR) |
Tesis |
| Número cutter local (OCLC) ; Número de libro/Signatura topográfica íntegra, CALL (RLIN) |
R63 |
| año |
2014 |
| 100 1# - ENTRADA PRINCIPAL--NOMBRE DE PERSONA |
| Nombre de persona |
Rodríguez Hernández, Sofía Carolina |
| 240 10 - TÍTULO UNIFORME |
| Título uniforme |
Wheat (Triticum aestivum spp.) profitability in Sonora, México. |
| Lenguaje de la obra |
Español |
| 245 13 - MENCIÓN DE TÍTULO |
| Título |
La rentabilidad del trigo (Triticum vulgare) en Sonora, México / |
| Mención de responsabilidad, etc. |
Sofía Carolina Rodríguez Hernández y Marco Gabriel Hernández Herrera |
| 264 ## - PRODUCCIÓN, PUBLICACIÓN, DISTRIBUCIÓN, FABRICACIÓN Y COPYRIGHT |
| Producción, publicación, distribución, fabricación y copyright |
Chapingo, México : |
| Nombre del de productor, editor, distribuidor, fabricante |
El autor, |
| Fecha de producción, publicación, distribución, fabricación o copyright |
2014 |
| 300 ## - DESCRIPCIÓN FÍSICA |
| Extensión |
xi, cerca 100 hojas : |
| Otras características físicas |
ilustraciones, mapas, gráficas, tablas + |
| Material acompañante/anejo |
1 CD-ROM |
| 336 ## - TIPO DE CONTENIDO |
| Fuente |
rdacontent |
| Término de tipo de contenido |
texto |
| Código de tipo de contenido |
txt |
| 337 ## - TIPO DE MEDIO |
| Fuente |
rdamedia |
| Nombre/término del tipo de medio |
no mediado |
| Código del tipo de medio |
n |
| 338 ## - TIPO DE SOPORTE |
| Fuente |
rdacarrier |
| Nombre/término del tipo de soporte |
volumen |
| Código del tipo de soporte |
nc |
| 502 ## - NOTA DE TESIS |
| Nota de tesis |
Tesis |
| Tipo de título |
(Ingeniero Agroindustrial) -- |
| Nombre de la institución que otorga el título |
UACh. Departamento de Ingeniería Agroindustrial, |
| Año de obtención del título |
2014 |
| 502 ## - NOTA DE TESIS |
| Nota de tesis |
Tesis |
| Tipo de título |
(Ingeniero Agrónomo Especialista en Fitotecnia) -- |
| Nombre de la institución que otorga el título |
UACh. Departamento de Fitotecnia, |
| Año de obtención del título |
2014 |
| 504 ## - NOTA DE BIBLIOGRAFÍA, ETC. |
| Nota de bibliografía, etc. |
Incluye bibliografía |
| 520 3# - SUMARIO, ETC. |
| Sumario, etc. |
Sonora, México, ocupa el primer lugar en producción de trigo en México, con un 45% aproximadamente de la superficie sembrada. Para analizar la rentabilidad de la siembra de trigo se calcularon los costos de producción mediante encuestas a 17 productores. Existe una gran variabilidad en los costos de cultivo, sin relación con la superficie sembrada. Faltan controles administrativos. La mayoría de los agricultores sonorenses entrevistados tienen costos por tonelada producida más elevados que sus ingresos (17.6%) por mayores erogaciones en: mano de obra alquilada, fertilizante, labores mecanizadas, agua de riego y pago de intereses. Es posible mejorar la rentabilidad de los productores en el corto plazo mediante la adopción de controles administrativos de las labores y gastos realizados y su optimización como productores. |
| 520 3# - SUMARIO, ETC. |
| Sumario, etc. |
Sonora State ranks first in wheat production in Mexico with about 45% of the area planted. To analyze the profitability of the wheat crop, the costs of production were calculated using surveys to farmers. The Yaqui Valley wheat producers have a wide range of production costs, unrelated to the planted area. Their lack of administrative controls is remarkable. They have higher cost per ton of wheat produced than their income (17.6%) originated by higher expenditures in: hired labor, fertilizers, custom operations, irrigation, and loan costs, compared with the ones of US farmers. It is possible to improve in the short run the Yaqui Valley wheat farmers’ profits by the analysis and optimization of crop costs and administrative controls. |
| 650 13 - PUNTO DE ACCESO ADICIONAL DE MATERIA--TÉRMINO DE MATERIA |
| Término de materia o nombre geográfico como elemento de entrada |
Trigo |
| Subdivisión general |
Aspectos económicos |
| Subdivisión geográfica |
México |
| -- |
Sonora |
| Fuente del encabezamiento o término |
atg |
| 650 #0 - PUNTO DE ACCESO ADICIONAL DE MATERIA--TÉRMINO DE MATERIA |
| Término de materia o nombre geográfico como elemento de entrada |
Wheat |
| Subdivisión general |
Economic aspects |
| Subdivisión geográfica |
Mexico |
| -- |
Sonora |
| Fuente del encabezamiento o término |
atg |
| 700 1# - PUNTO DE ACCESO ADICIONAL--NOMBRE DE PERSONA |
| Nombre de persona |
Hernández Herrera, Marco Gabriel |
| Término indicativo de función/relación |
autor |
| 700 1# - PUNTO DE ACCESO ADICIONAL--NOMBRE DE PERSONA |
| Nombre de persona |
Márquez Berber, Sergio Roberto |
| Término indicativo de función/relación |
director |
| 700 1# - PUNTO DE ACCESO ADICIONAL--NOMBRE DE PERSONA |
| Nombre de persona |
Almaguer Vargas, Gustavo |
| Término indicativo de función/relación |
asesor |
| 700 1# - PUNTO DE ACCESO ADICIONAL--NOMBRE DE PERSONA |
| Nombre de persona |
García Chávez, Luis Ramiro |
| Término indicativo de función/relación |
asesor |
| 856 41 - LOCALIZACIÓN Y ACCESO ELECTRÓNICOS |
| Identificador Uniforme del Recurso |
<a href="http://10.13.5.2/tesis/tl/2014-RODRIGUEZ_HERNANDEZ_SOFIA_CAROLINA_Y_HERNANDEZ_HERRERA_MARIO_GABRIEL.pdf">http://10.13.5.2/tesis/tl/2014-RODRIGUEZ_HERNANDEZ_SOFIA_CAROLINA_Y_HERNANDEZ_HERRERA_MARIO_GABRIEL.pdf</a> |
| Texto de enlace |
DESCARGAR PDF |
| 901 ## - ELEMENTOS DE DATOS A LOCAL LDA (RLIN) |
| a |
TESIS R63 2014 |
| 942 ## - ELEMENTOS DE PUNTO DE ACCESO ADICIONAL (KOHA) |
| Tipo de ítem Koha |
TESIS |
| Fuente del sistema de clasificación o colocación |
Clasificación Universidad Autónoma Chapingo |
| 902 ## - ELEMENTOS DE DATOS B LOCAL, LDB (RLIN) |
| a |
M |
| 905 ## - ELEMENTOS DE DATOS E LOCAL, LDE (RLIN) |
| a |
5232272014 mx mnl 8223223322spa16 |